शिक्षा तकनीकी (Record no. 1037803)

MARC details
000 -LEADER
fixed length control field 00542nam a2200181Ia 4500
008 - FIXED-LENGTH DATA ELEMENTS--GENERAL INFORMATION
fixed length control field 151018s9999 xx 000 0 und d
082 ## - DEWEY DECIMAL CLASSIFICATION NUMBER
Item number RBASDV38398
Classification number 370
100 ## - MAIN ENTRY--PERSONAL NAME
Personal name आर के चौबे
245 ## - TITLE STATEMENT
Title शिक्षा तकनीकी
250 ## - EDITION STATEMENT
Remainder of edition statement 1
260 ## - PUBLICATION, DISTRIBUTION, ETC. (IMPRINT)
Name of publisher, distributor, etc अविष्कार
Date of publication, distribution, etc 2004
300 ## - PHYSICAL DESCRIPTION
Extent 143
600 ## - SUBJECT ADDED ENTRY--PERSONAL NAME
Personal name आर के चौबे
630 ## - SUBJECT ADDED ENTRY--UNIFORM TITLE
Uniform title शिक्षा तकनीकी
700 ## - ADDED ENTRY--PERSONAL NAME
Personal name आर के चौबे
730 ## - ADDED ENTRY--UNIFORM TITLE
Uniform title शिक्षा तकनीकी
942 ## - ADDED ENTRY ELEMENTS (KOHA)
Koha item type Book
Holdings
Withdrawn status Lost status Damaged status Not for loan Home library Current library Date acquired Cost, normal purchase price Total Checkouts Full call number Barcode Date last seen Cost, replacement price Price effective from Koha item type
        R.B. Anant Shivaji Desai Vachanalaya and Granthalaya, Kudal R.B. Anant Shivaji Desai Vachanalaya and Granthalaya, Kudal 12/11/2008 21.00   RBASDV38398 RBASDV38398 10/18/2015 21.00 10/18/2015 Book